| 000 | 00757nam a22002293a 4500 | ||
|---|---|---|---|
| 005 | 20210223124508.0 | ||
| 008 | 011030s1995 es r 000 0 spa d | ||
| 020 | _a8477261393 (Ega) | ||
| 020 | _a8427119542 (Mensajero) | ||
| 035 | _aUPN01000113637 | ||
| 049 | _aCG | ||
| 050 | 4 |
_aPC4435 _bA4.3 |
|
| 100 | 1 | _aAlonso Schökel, Luis | |
| 245 | 1 | 3 |
_aEl estilo literario : _barte y artesanía / _cLuis Alonso Schökel ; colab. José Luis Blanco Vega y Francisco Pérez Gutiérrez. |
| 260 |
_aBilbao, Esp. : _bEga : _bMensajero, _c1995. |
||
| 300 | _a483 p. | ||
| 650 | 4 |
_aESPAÑOL - _xESTILO _911118 |
|
| 650 | 4 |
_aESTILO LITERARIO _911113 |
|
| 700 | 1 |
_aBlanco Vega, José Luis, _ecolab. |
|
| 700 | 1 |
_aPérez Gutiérrez, Francisco, _ecolab. |
|
| 905 | _aLibro | ||
| 999 |
_c87545 _d87545 |
||